[Event "EU-ch 6th"]
[Site "Warsaw"]
[Date "2005.06.28"]
[Round "10"]
[White "Smirnov, Pavel"]
[Black "Carlsen, Magnus"]
[Result "1/2-1/2"]
[WhiteElo "2624"]
[BlackElo "2548"]
[PlyCount "53"]
[EventDate "2005.06.18"]
[EventType "swiss"]
[EventRounds "13"]
[EventCountry "POL"]
[WhiteTeam "Germany"]
[BlackTeam "Germany"]
[WhiteTeamCountry "GER"]
[BlackTeamCountry "GER"]

1. e4 e5 2. Nf3 Nf6 3. Nxe5 d6 4. Nf3 Nxe4 5. Nc3 Nxc3 6. dxc3 Be7 7. Be3 Nc6
8. Qd2 Be6 9. O-O-O Qd7 10. Ng5 Bxg5 11. Bxg5 f6 12. Be3 O-O-O 13. b3 Rhe8 14.
h3 Bf5 15. Kb2 Kb8 16. Be2 Be4 17. Rhg1 Re7 18. g4 Rde8 19. h4 Ne5 20. Qd4 Nc6
21. Qd2 Ne5 22. Qd4 Nc6 23. Qa4 a6 24. b4 Ne5 25. Qxd7 Rxd7 26. Rg3 b5 27. Rd4
1/2-1/2

[Event "EU-ch 6th"]
[Site "Warsaw"]
[Date "2005.06.27"]
[Round "9"]
[White "Naiditsch, Arkadij"]
[Black "Carlsen, Magnus"]
[Result "1/2-1/2"]
[WhiteElo "2626"]
[BlackElo "2548"]
[PlyCount "59"]
[EventDate "2005.06.18"]
[EventType "swiss"]
[EventRounds "13"]
[EventCountry "POL"]
[WhiteTeam "Germany"]
[BlackTeam "Germany"]
[WhiteTeamCountry "GER"]
[BlackTeamCountry "GER"]

1. e4 e5 2. Nf3 Nc6 3. Bb5 a6 4. Ba4 Nf6 5. O-O Be7 6. Re1 b5 7. Bb3 O-O 8. d4
d6 9. c3 Bg4 10. d5 Na5 11. Bc2 c6 12. h3 Bh5 13. dxc6 Qc7 14. Nbd2 Qxc6 15.
Nf1 Bg6 16. Ng3 Rfe8 17. a4 Nc4 18. Qe2 d5 19. exd5 Nxd5 20. Bxg6 hxg6 21. axb5
axb5 22. Nxe5 Nxe5 23. Rxa8 Rxa8 24. Qxe5 b4 25. Qe4 bxc3 26. bxc3 Qxc3 27. Rd1
Rd8 28. Ne2 Qb4 29. Qc2 Nf6 30. Rxd8+ 1/2-1/2

[Event "NOR-chT"]
[Site "Moss"]
[Date "2005.05.07"]
[Round "4"]
[White "Johannessen, Leif Erlend"]
[Black "Carlsen, Magnus"]
[Result "1-0"]
[WhiteElo "2531"]
[BlackElo "2543"]
[PlyCount "65"]
[EventDate "2005.05.04"]
[EventType "team"]
[EventRounds "5"]
[EventCountry "NOR"]
[WhiteTeam "Germany"]
[BlackTeam "Germany"]
[WhiteTeamCountry "GER"]
[BlackTeamCountry "GER"]

1. d4 Nf6 2. c4 e6 3. Nf3 c5 4. e3 d5 5. Nc3 Nc6 6. cxd5 Nxd5 7. Bd3 cxd4 8.
exd4 Be7 9. O-O O-O 10. Re1 Nf6 11. a3 b6 12. Bg5 Bb7 13. Bc2 Ba6 14. Qd2 Rc8
15. Qf4 Nh5 16. Qg4 Bxg5 17. Qxh5 Bh6 18. d5 exd5 19. Bf5 Rb8 20. Nxd5 Bc8 21.
Bxc8 Rxc8 22. Rad1 Re8 23. Ne7+ Rxe7 24. Rxd8+ Rxd8 25. Rxe7 Nxe7 26. g3 Ng6
27. Qf5 Ne7 28. Qe5 Nd5 29. Nd4 g6 30. Nc6 Bg7 31. Qe2 Rd6 32. Qe8+ Bf8 33. Ne5
1-0

[Event "NOR-chT"]
[Site "Moss"]
[Date "2005.05.06"]
[Round "3"]
[White "Fyllingen, Roy Harald"]
[Black "Carlsen, Magnus"]
[Result "1-0"]
[WhiteElo "2386"]
[BlackElo "2543"]
[PlyCount "93"]
[EventDate "2005.05.04"]
[EventType "team"]
[EventRounds "5"]
[EventCountry "NOR"]
[WhiteTeam "Germany"]
[BlackTeam "Germany"]
[WhiteTeamCountry "GER"]
[BlackTeamCountry "GER"]

1. d4 Nf6 2. c4 e6 3. Nf3 d5 4. Nc3 c6 5. e3 Nbd7 6. Qc2 Bd6 7. Be2 O-O 8. O-O
dxc4 9. Bxc4 a6 10. Rd1 b5 11. Be2 Qc7 12. Ne4 Nxe4 13. Qxe4 e5 14. Qh4 Re8 15.
Bd3 h6 16. Bc2 c5 17. d5 c4 18. e4 Qd8 19. Qg3 Qf6 20. a4 Bb7 21. axb5 axb5 22.
Rxa8 Rxa8 23. Nh4 Kh7 24. Nf5 Bc5 25. h4 b4 26. Qh3 Bc8 27. g4 b3 28. Bb1 Ra1
29. Bd2 Qg6 30. h5 Qb6 31. Qf3 Nf6 32. Kg2 Kg8 33. g5 hxg5 34. Bxg5 Nh7 35. Bh4
Bxf5 36. Qxf5 Qd6 37. Bg3 Nf6 38. Bxe5 Qd7 39. Qxd7 Nxd7 40. Bc3 Bd6 41. e5
Bxe5 42. Bxe5 Rxb1 43. Rxb1 Nxe5 44. Rc1 Kf8 45. f4 Nd3 46. Rxc4 Nxb2 47. Rc3
1-0

[Event "Schagen rapid 25'+5"]
[Site "Schagen"]
[Date "2005.05.01"]
[Round "4"]
[White "Smeets, Jan"]
[Black "Carlsen, Magnus"]
[Result "1/2-1/2"]
[WhiteElo "2515"]
[BlackElo "2581"]
[PlyCount "160"]
[EventDate "2005.04.30"]
[EventType "tourn (rapid)"]
[EventRounds "6"]
[EventCountry "NED"]
[EventCategory "12"]
[WhiteTeam "Germany"]
[BlackTeam "Germany"]
[WhiteTeamCountry "GER"]
[BlackTeamCountry "GER"]

1. e4 c5 2. Nf3 e6 3. d4 cxd4 4. Nxd4 Nf6 5. Nc3 Nc6 6. Nxc6 bxc6 7. e5 Nd5 8.
Ne4 Qc7 9. f4 Qa5+ 10. c3 Be7 11. Bd3 Qb6 12. Qe2 Bb7 13. a3 f5 14. exf6 Nxf6
15. Be3 c5 16. Nxf6+ gxf6 17. O-O O-O-O 18. b4 Rhg8 19. Rf2 f5 20. Kf1 Bh4 21.
Bxc5 Qc7 22. g3 Qc6 23. Ke1 Bf6 24. Rc1 Kb8 25. Qe3 a6 26. Be2 e5 27. Bf3 d5
28. Kf1 Qb5+ 29. Be2 Qc6 30. Bf3 Qb5+ 31. Qe2 e4 32. Qxb5 axb5 33. Be2 Bc6 34.
Ke1 Kb7 35. Kd2 Ra8 36. Ra1 Rgd8 37. Bd4 Bxd4 38. cxd4 Bd7 39. Rff1 Rdc8 40.
Rfc1 Rxc1 41. Kxc1 Ra6 42. Kb2 Rh6 43. Rh1 Kb6 44. Bd1 Kc6 45. a4 bxa4 46.
Bxa4+ Kd6 47. Bxd7 Kxd7 48. Kb3 Kc7 49. b5 Kb6 50. Kb4 e3 51. Re1 Rxh2 52. Rxe3
Rb2+ 53. Kc3 Rg2 54. Kb4 Rb2+ 55. Ka4 Ra2+ 56. Kb3 Rg2 57. Re5 Kxb5 58. Rxd5+
Kc6 59. Rxf5 Rxg3+ 60. Kc4 Rf3 61. Rf6+ Kd7 62. Kd5 Ke7 63. Ke4 Rh3 64. Ra6 h5
65. d5 h4 66. f5 Rh1 67. Ra7+ Kd6 68. Ra6+ Kd7 69. Rh6 h3 70. Ke5 Re1+ 71. Kf6
Rh1 72. Kf7 h2 73. f6 Kd6 74. Rh5 Kd7 75. Rh8 Kd6 76. Rh5 Kd7 77. Rh6 Kd8 78.
d6 Kd7 79. Kf8 Rf1 80. Rxh2 Rxf6+ 1/2-1/2

[Event "Schagen rapid 25'+5"]
[Site "Schagen"]
[Date "2005.05.01"]
[Round "6"]
[White "L'Ami, Erwin"]
[Black "Carlsen, Magnus"]
[Result "1-0"]
[WhiteElo "2516"]
[BlackElo "2581"]
[PlyCount "155"]
[EventDate "2005.04.30"]
[EventType "tourn (rapid)"]
[EventRounds "6"]
[EventCountry "NED"]
[EventCategory "12"]
[WhiteTeam "Germany"]
[BlackTeam "Germany"]
[WhiteTeamCountry "GER"]
[BlackTeamCountry "GER"]

1. d4 Nf6 2. c4 e6 3. Nc3 Bb4 4. Qc2 d5 5. cxd5 c5 6. dxc5 Nxd5 7. Bd2 Bxc5 8.
Nxd5 Qxd5 9. Rc1 Nd7 10. b4 Bb6 11. e4 Qh5 12. Nf3 O-O 13. Be2 Nf6 14. Ng5 Ng4
15. Rf1 h6 16. h3 hxg5 17. hxg4 Qh2 18. Bxg5 Bd7 19. Qd3 Bc6 20. Qh3 Qxh3 21.
gxh3 Bxe4 22. f3 Bd5 23. Bc4 Bxc4 24. Rxc4 Rac8 25. Rxc8 Rxc8 26. Kd1 Rc3 27.
Bc1 f6 28. Kd2 Rc4 29. a3 a5 30. Kd3 Rd4+ 31. Kc3 axb4+ 32. axb4 Rd5 33. Re1
Kf7 34. Be3 Bc7 35. Re2 Be5+ 36. Kc2 Bd6 37. Kb3 Re5 38. Re1 Rb5 39. Bd2 Rd5
40. Be3 g5 41. Re2 Re5 42. Re1 Ke7 43. Bd2 Rd5 44. Be3 Rd3+ 45. Kc4 Ra3 46. Re2
e5 47. Re1 Ke6 48. Re2 Kd7 49. Re1 Kc6 50. b5+ Kd7 51. Re2 Ra4+ 52. Kc3 Ke6 53.
Rb2 e4 54. Rf2 exf3 55. Rxf3 Bf4 56. Kb3 Re4 57. Bxf4 gxf4 58. Kc3 Ke5 59. Kd2
Rb4 60. Rc3 Rxb5 61. Ke2 Rd5 62. Kf3 b5 63. Rb3 Kd4 64. Kxf4 Kc4 65. Rb1 b4 66.
h4 b3 67. h5 Kc3 68. h6 b2 69. h7 Rd8 70. Kf5 Rh8 71. Kg6 Rb8 72. Kg7 Rb7+ 73.
Kg6 Rb8 74. Kxf6 Kc2 75. Rxb2+ Kxb2 76. g5 Kc3 77. Kg7 Rb7+ 78. Kh6 1-0

[Event "Schagen rapid 25'+5"]
[Site "Schagen"]
[Date "2005.05.01"]
[Round "5"]
[White "Carlsen, Magnus"]
[Black "Stellwagen, Daniel"]
[Result "0-1"]
[WhiteElo "2581"]
[BlackElo "2512"]
[PlyCount "108"]
[EventDate "2005.04.30"]
[EventType "tourn (rapid)"]
[EventRounds "6"]
[EventCountry "NED"]
[EventCategory "12"]
[WhiteTeam "Germany"]
[BlackTeam "Germany"]
[WhiteTeamCountry "GER"]
[BlackTeamCountry "GER"]

1. d4 Nf6 2. Nf3 g6 3. g3 Bg7 4. Bg2 O-O 5. O-O d6 6. c4 Nbd7 7. Nc3 e5 8. h3
exd4 9. Nxd4 Nb6 10. b3 d5 11. Ba3 Re8 12. cxd5 Nfxd5 13. Nxd5 Nxd5 14. Rc1 c6
15. Qd2 a5 16. Rfd1 Nb4 17. e3 Qb6 18. g4 Bd7 19. Ne2 Rad8 20. Bxb4 axb4 21.
Qc2 Bc8 22. Nf4 Rxd1+ 23. Rxd1 Rd8 24. Bf3 Bf6 25. Kg2 Kg7 26. Rd2 Rxd2 27.
Qxd2 Qc5 28. Be2 Be7 29. Qb2+ Qc3 30. Qb1 Bd6 31. Qe4 Qe5 32. Qd3 Qe7 33. Qd4+
Be5 34. Qe4 f5 35. Qc4 Bd6 36. Bf3 Qf6 37. Ne2 Be6 38. Qd3 Be5 39. Ng3 fxg4 40.
hxg4 Qe7 41. Ne2 Qd6 42. Qxd6 Bxd6 43. Nd4 Bd7 44. Ne2 Kf6 45. Nc1 Kg5 46. Nd3
Bxg4 47. Bxg4 Kxg4 48. e4 c5 49. f3+ Kg5 50. Kf2 b5 51. Ke3 c4 52. Nb2 Bc5+ 53.
Ke2 Bd4 54. Nd1 Kf4 0-1

[Event "Schagen rapid 25'+5"]
[Site "Schagen"]
[Date "2005.04.30"]
[Round "1"]
[White "Carlsen, Magnus"]
[Black "Smeets, Jan"]
[Result "1/2-1/2"]
[WhiteElo "2581"]
[BlackElo "2515"]
[PlyCount "121"]
[EventDate "2005.04.30"]
[EventType "tourn (rapid)"]
[EventRounds "6"]
[EventCountry "NED"]
[EventCategory "12"]
[WhiteTeam "Germany"]
[BlackTeam "Germany"]
[WhiteTeamCountry "GER"]
[BlackTeamCountry "GER"]

1. c4 c6 2. e4 d5 3. exd5 cxd5 4. d4 Nf6 5. Nc3 e6 6. Nf3 Bb4 7. cxd5 Nxd5 8.
Qc2 Nc6 9. Bd3 Nxc3 10. bxc3 Nxd4 11. Nxd4 Qxd4 12. Bb5+ Kf8 13. cxb4 Qe5+ 14.
Qe2 Qxa1 15. O-O Qf6 16. Bb2 Qe7 17. Rd1 f6 18. Qh5 e5 19. Bxe5 Bg4 20. Qxg4
Qxe5 21. Rd7 f5 22. Qh5 Qe6 23. Qg5 Qf6 24. Qc1 h5 25. Bc4 Rc8 26. Qf1 Qc3 27.
Rf7+ Kg8 28. Rc7+ Kh7 29. Bg8+ Rhxg8 30. Rxc3 Rxc3 31. h4 Rgc8 32. Qb5 R8c7 33.
Qxf5+ g6 34. Qe5 Rc1+ 35. Kh2 Rf7 36. f3 Rc4 37. Qd5 Rxh4+ 38. Kg3 Rhf4 39. b5
R4f5 40. Qc4 Kh6 41. a4 b6 42. Qd4 Kh7 43. Qc4 Re7 44. Qc6 Rc5 45. Qd6 Rg7 46.
Qd4 Rgc7 47. Kh3 Rc4 48. Qd6 Rg7 49. Qd1 Rf7 50. Qd5 Rcf4 51. Kg3 Kg8 52. Qd8+
Kg7 53. Qd1 Rb4 54. Qa1+ Kh7 55. Qa2 Rff4 56. Qe6 h4+ 57. Kh3 Rxa4 58. Qe7+ Kh6
59. Qe5 Rfd4 60. Qh8+ Kg5 61. Qe5+ 1/2-1/2

[Event "Schagen rapid 25'+5"]
[Site "Schagen"]
[Date "2005.04.30"]
[Round "2"]
[White "Carlsen, Magnus"]
[Black "L'Ami, Erwin"]
[Result "1/2-1/2"]
[WhiteElo "2581"]
[BlackElo "2516"]
[PlyCount "81"]
[EventDate "2005.04.30"]
[EventType "tourn (rapid)"]
[EventRounds "6"]
[EventCountry "NED"]
[EventCategory "12"]
[WhiteTeam "Germany"]
[BlackTeam "Germany"]
[WhiteTeamCountry "GER"]
[BlackTeamCountry "GER"]

1. e4 c5 2. Nf3 d6 3. d4 cxd4 4. Nxd4 Nf6 5. Nc3 a6 6. Bg5 e6 7. f4 Qb6 8. Qd3
Nc6 9. O-O-O Qxd4 10. Qxd4 Nxd4 11. Rxd4 Nd7 12. Be2 h6 13. Bh4 g5 14. fxg5 Be7
15. Bg3 hxg5 16. Rhd1 Ne5 17. Na4 f6 18. Nb6 Rb8 19. Bc4 Bd7 20. Bb3 Rd8 21. h3
Kf7 22. Nxd7 Rxd7 23. Bxe5 fxe5 24. Rf1+ Bf6 25. Rd3 Ke7 26. Rdf3 Rf8 27. Rc3
Rdd8 28. Kd1 Rc8 29. Rg3 Rh8 30. Rgf3 Rcf8 31. Ke2 Rh4 32. g4 Rhh8 33. Rc3 Kd7
34. Ba4+ b5 35. Bb3 Bd8 36. Rxf8 Rxf8 37. Rf3 Rf4 38. Rxf4 exf4 39. a4 b4 40.
Bc4 a5 41. b3 1/2-1/2

[Event "Gausdal GM-A"]
[Site "Gausdal"]
[Date "2005.04.19"]
[Round "7"]
[White "Carlsen, Magnus"]
[Black "Nordahl, Helge Andreas"]
[Result "1/2-1/2"]
[WhiteElo "2548"]
[BlackElo "2402"]
[PlyCount "133"]
[EventDate "2005.04.13"]
[EventType "tourn"]
[EventRounds "9"]
[EventCountry "NOR"]
[EventCategory "10"]
[WhiteTeam "Germany"]
[BlackTeam "Germany"]
[WhiteTeamCountry "GER"]
[BlackTeamCountry "GER"]

1. e4 c5 2. Nf3 d6 3. d4 cxd4 4. Nxd4 Nf6 5. Nc3 a6 6. Be2 e5 7. Nb3 Be7 8. O-O
O-O 9. Kh1 b6 10. f3 Bb7 11. a4 h6 12. Be3 Nc6 13. Qd2 Nb4 14. a5 d5 15. Bxb6
Qc8 16. exd5 Nfxd5 17. Nxd5 Nxd5 18. Bd3 Bg5 19. Qe1 Re8 20. Ra4 Nxb6 21. axb6
Qc6 22. Rb4 Be7 23. Na5 Bxb4 24. Qxb4 Qd7 25. Nxb7 Qxb7 26. Be4 Qd7 27. Bxa8
Rxa8 28. c4 Qd4 29. Qc3 Qxb6 30. Qxe5 Rd8 31. c5 Qb5 32. Re1 Rd2 33. h3 Rxb2
34. Qf5 Qc6 35. Re7 Qg6 36. Qxg6 fxg6 37. Re6 Rc2 38. Rxg6 a5 39. c6 a4 40. Rg4
a3 41. Ra4 a2 42. Kh2 Kf7 43. c7 Rxc7 44. Rxa2 Rc6 45. Ra7+ Kf6 46. Kg3 Rb6 47.
Kh4 g6 48. g4 Rb3 49. Kg3 g5 50. Ra6+ Kg7 51. Ra1 Kg6 52. Rc1 Ra3 53. Rb1 Rc3
54. Rb2 Ra3 55. Kg2 Ra6 56. Rb8 Kg7 57. Kg3 Ra3 58. Re8 Kf7 59. Re2 Kg6 60. Rd2
Rb3 61. Kf2 Rb6 62. Rd8 Kf7 63. Rd5 Kg6 64. Re5 Rb2+ 65. Kg3 Rb3 66. Rf5 h5 67.
h4 1/2-1/2

[Event "Gausdal GM-A"]
[Site "Gausdal"]
[Date "2005.04.16"]
[Round "4"]
[White "Williams, Simon Kim"]
[Black "Carlsen, Magnus"]
[Result "1-0"]
[WhiteElo "2466"]
[BlackElo "2548"]
[PlyCount "79"]
[EventDate "2005.04.13"]
[EventType "tourn"]
[EventRounds "9"]
[EventCountry "NOR"]
[EventCategory "10"]
[WhiteTeam "Germany"]
[BlackTeam "Germany"]
[WhiteTeamCountry "GER"]
[BlackTeamCountry "GER"]

1. d4 Nf6 2. c4 e6 3. Nf3 b6 4. Nc3 Bb7 5. a3 d5 6. cxd5 Nxd5 7. Bd2 Nd7 8.
Nxd5 exd5 9. b4 Bd6 10. Bg5 f6 11. Bh4 a5 12. Bg3 Qe7 13. Bxd6 Qxd6 14. b5 c5
15. bxc6 Bxc6 16. e3 b5 17. Bd3 g6 18. Qc2 Kf7 19. h4 Nb6 20. h5 Nc4 21. hxg6+
hxg6 22. Bxg6+ Ke7 23. Nh4 Kd7 24. Qb3 b4 25. a4 Kc7 26. Ke2 f5 27. Bxf5 Qf6
28. g3 Raf8 29. Qd3 Rxh4 30. gxh4 Qxf5 31. Qxf5 Rxf5 32. h5 b3 33. h6 Rf8 34.
h7 b2 35. Rag1 Rh8 36. Rg8 b1=Q 37. Rg7+ Bd7 38. Rxb1 Kd6 39. Rh1 Bf5 40. Rh6+
1-0

[Event "Gausdal GM-A"]
[Site "Gausdal"]
[Date "2005.04.14"]
[Round "2"]
[White "Kulaots, Kaido"]
[Black "Carlsen, Magnus"]
[Result "1-0"]
[WhiteElo "2578"]
[BlackElo "2548"]
[PlyCount "77"]
[EventDate "2005.04.13"]
[EventType "tourn"]
[EventRounds "9"]
[EventCountry "NOR"]
[EventCategory "10"]
[WhiteTeam "Germany"]
[BlackTeam "Germany"]
[WhiteTeamCountry "GER"]
[BlackTeamCountry "GER"]

1. e4 c5 2. Nf3 d6 3. d4 cxd4 4. Nxd4 Nf6 5. Nc3 a6 6. Be2 e5 7. Nb3 Be7 8. O-O
O-O 9. Kh1 b6 10. f3 Bb7 11. Be3 Nbd7 12. a4 Rc8 13. Rf2 Rc7 14. Bf1 Qa8 15.
Rd2 Rfc8 16. Qe2 h6 17. Rad1 Rxc3 18. bxc3 d5 19. exd5 Nxd5 20. Rd3 N7f6 21.
Qe1 e4 22. fxe4 Nxe4 23. Bd4 Nf4 24. Rf3 Ng6 25. Kg1 Re8 26. Bc4 Nd6 27. Be2
Nh4 28. Rg3 Ndf5 29. Qf2 Bg5 30. Bf1 Re4 31. Bd3 Rf4 32. Qe2 Nxg3 33. hxg3 Nxg2
34. gxf4 Nxf4 35. Qe5 f6 36. Qf5 g6 37. Bc4+ Kf8 38. Qd7 Nh3+ 39. Qxh3 1-0

[Event "Gausdal GM-A"]
[Site "Gausdal"]
[Date "2005.04.13"]
[Round "1"]
[White "Tiviakov, Sergei"]
[Black "Carlsen, Magnus"]
[Result "1-0"]
[WhiteElo "2631"]
[BlackElo "2548"]
[PlyCount "121"]
[EventDate "2005.04.13"]
[EventType "tourn"]
[EventRounds "9"]
[EventCountry "NOR"]
[EventCategory "10"]
[WhiteTeam "Germany"]
[BlackTeam "Germany"]
[WhiteTeamCountry "GER"]
[BlackTeamCountry "GER"]

1. e4 c5 2. c3 Nf6 3. e5 Nd5 4. Nf3 Nc6 5. Bc4 Nb6 6. Bb3 d5 7. exd6 Qxd6 8.
Na3 e6 9. d4 Be7 10. Nb5 Qd8 11. dxc5 Bxc5 12. Qxd8+ Kxd8 13. Bf4 a6 14. Rd1+
Bd7 15. Nc7 Rc8 16. Ng5 e5 17. Nd5 Nxd5 18. Nxf7+ Ke7 19. Rxd5 exf4 20. Rxc5
Rhf8 21. Ng5 Rf5 22. Rxf5 Bxf5 23. O-O Kf6 24. Nf3 Re8 25. Rd1 Re2 26. Rd6+ Ke7
27. Rd2 Rxd2 28. Nxd2 Ne5 29. g3 g5 30. gxf4 gxf4 31. Bd5 b6 32. Kg2 Bg4 33. b4
Kd6 34. Be4 h6 35. Nf3 Nxf3 36. Bxf3 Be6 37. a3 Ke5 38. Bb7 a5 39. Kf3 Bd7 40.
Be4 Ba4 41. Bd3 Bd7 42. Bf1 Be6 43. Bb5 Bf5 44. Ke2 Be4 45. Kd2 Bf5 46. Bd3 Be6
47. Kc2 Bf7 48. Bf1 Be6 49. Kd3 Bf7 50. c4 axb4 51. axb4 Bg6+ 52. Kc3 Be4 53.
c5 bxc5 54. bxc5 Bc6 55. Kb4 Bd5 56. Kb5 Ke4 57. Be2 f3 58. Bc4 Ba8 59. c6 Kd4
60. c7 Bb7 61. Be6 1-0

[Event "Bundesliga 0405"]
[Site "Germany"]
[Date "2005.03.12"]
[Round "12.1"]
[White "Nielsen, Peter Heine"]
[Black "Carlsen, Magnus"]
[Result "1-0"]
[WhiteElo "2663"]
[BlackElo "2581"]
[PlyCount "67"]
[EventDate "2004.11.12"]
[EventType "team"]
[EventRounds "15"]
[EventCountry "GER"]
[WhiteTeam "Wattenscheid"]
[BlackTeam "Neukoelln"]
[WhiteTeamCountry "GER"]
[BlackTeamCountry "GER"]

1. Nf3 Nf6 2. c4 g6 3. g3 Bg7 4. Bg2 O-O 5. O-O d5 6. cxd5 Nxd5 7. Nc3 Nc6 8.
d4 Nb6 9. e3 Re8 10. d5 Na5 11. Nd4 Bd7 12. e4 c6 13. Re1 cxd5 14. exd5 Rc8 15.
Bf4 Nbc4 16. b3 Nb2 17. Qd2 Nac4 18. bxc4 Nxc4 19. Qd3 Nb2 20. Qe3 Nc4 21. Qe4
f5 22. Qd3 Nb2 23. Qd2 Nc4 24. Qd1 Nb2 25. Qb3 Bxd4 26. d6+ e6 27. Nd5 Ba4 28.
Qxb7 Nd3 29. Ne7+ Kh8 30. Be3 Rc4 31. Qa6 Nxe1 32. Qxc4 Bxa1 33. Bd4+ e5 34.
Qe6 1-0

[Event "Corus-B"]
[Site "Wijk aan Zee"]
[Date "2005.01.30"]
[Round "13"]
[White "Carlsen, Magnus"]
[Black "Nijboer, Friso"]
[Result "0-1"]
[WhiteElo "2553"]
[BlackElo "2549"]
[PlyCount "74"]
[EventDate "2005.01.15"]
[EventType "tourn"]
[EventRounds "13"]
[EventCountry "NED"]
[EventCategory "13"]
[WhiteTeam "Germany"]
[BlackTeam "Germany"]
[WhiteTeamCountry "GER"]
[BlackTeamCountry "GER"]

1. e4 c5 2. Nf3 Nc6 3. d4 cxd4 4. Nxd4 Nf6 5. Nc3 d6 6. Bg5 e6 7. Qd2 a6 8.
O-O-O Bd7 9. f4 h6 10. Bh4 g5 11. fxg5 Ng4 12. Nxc6 Bxc6 13. Be2 Ne5 14. Kb1
Be7 15. Bg3 hxg5 16. Qe3 Qc7 17. Rhf1 Bd7 18. Rd4 Qc5 19. Qd2 b5 20. Nd1 Rd8
21. Ne3 Bc6 22. c4 Qb6 23. Rc1 O-O 24. cxb5 axb5 25. Rf1 Qb7 26. Bd3 Nxd3 27.
Qxd3 b4 28. Rf2 b3 29. a3 Rc8 30. Ng4 Qb5 31. Qd2 f5 32. exf5 exf5 33. Re2 Be4+
34. Rexe4 fxe4 35. Ne3 Rc5 36. Rxe4 Rfc8 37. Rxe7 Qd3+ 0-1

[Event "Corus-B"]
[Site "Wijk aan Zee"]
[Date "2005.01.29"]
[Round "12"]
[White "Smeets, Jan"]
[Black "Carlsen, Magnus"]
[Result "1-0"]
[WhiteElo "2475"]
[BlackElo "2553"]
[PlyCount "73"]
[EventDate "2005.01.15"]
[EventType "tourn"]
[EventRounds "13"]
[EventCountry "NED"]
[EventCategory "13"]
[WhiteTeam "Germany"]
[BlackTeam "Germany"]
[WhiteTeamCountry "GER"]
[BlackTeamCountry "GER"]

1. e4 e5 2. Nf3 Nf6 3. Nxe5 d6 4. Nf3 Nxe4 5. Nc3 Nxc3 6. dxc3 Be7 7. Be3 O-O
8. Qd2 Nd7 9. O-O-O Nc5 10. Kb1 Bf6 11. Nd4 Re8 12. f3 Bd7 13. g4 Qe7 14. Bf4
Ne6 15. Nf5 Qd8 16. Be3 Bc6 17. Bg2 Bg5 18. f4 Bxg2 19. Qxg2 Nxf4 20. Qxb7 Rb8
21. Qxa7 Ne2 22. Bxg5 Qxg5 23. Qxc7 Qxg4 24. Nxd6 Rf8 25. Rhe1 Qe6 26. Ka1 Ra8
27. a3 Qg4 28. Qc4 Qxc4 29. Nxc4 Rae8 30. Rd2 Nf4 31. Rxe8 Rxe8 32. b4 f5 33.
a4 Ne2 34. Nd6 Re5 35. Rd3 f4 36. b5 Re3 37. b6 1-0

[Event "Corus-B"]
[Site "Wijk aan Zee"]
[Date "2005.01.23"]
[Round "8"]
[White "Stellwagen, Daniel"]
[Black "Carlsen, Magnus"]
[Result "1/2-1/2"]
[WhiteElo "2524"]
[BlackElo "2553"]
[PlyCount "103"]
[EventDate "2005.01.15"]
[EventType "tourn"]
[EventRounds "13"]
[EventCountry "NED"]
[EventCategory "13"]
[WhiteTeam "Germany"]
[BlackTeam "Germany"]
[WhiteTeamCountry "GER"]
[BlackTeamCountry "GER"]

1. e4 c5 2. Nf3 Nc6 3. Bb5 g6 4. O-O Bg7 5. Re1 e5 6. b4 cxb4 7. a3 Nge7 8.
axb4 O-O 9. Bxc6 bxc6 10. Bb2 d6 11. d4 f6 12. Nbd2 Be6 13. c4 g5 14. Qc2 Ng6
15. Nf1 g4 16. N3d2 f5 17. dxe5 dxe5 18. exf5 Bxf5 19. Ne4 Nf4 20. Rad1 Qh4 21.
Nfg3 Bg6 22. Rd7 Rad8 23. Rxg7+ Kxg7 24. Bxe5+ Kg8 25. Ba1 Ne6 26. c5 Rd5 27.
b5 Qe7 28. bxc6 Rxc5 29. Qa4 Bxe4 30. Qxe4 Qf7 31. Qxg4+ Qg6 32. Qe2 Rxc6 33.
Qe5 Ng7 34. h4 Qf7 35. Rf1 Re6 36. Qd4 Re7 37. h5 h6 38. Qd6 Qe6 39. Qd4 Ref7
40. Qc3 Qg4 41. Qe5 Kh7 42. Qb5 Qxg3 43. fxg3 Rxf1+ 44. Qxf1 Rxf1+ 45. Kxf1
Nxh5 46. g4 Nf4 47. Bc3 Nd5 48. Bd2 Kg6 49. Ke2 a6 50. Kd3 Nf6 51. Kc4 Nxg4 52.
Bxh6 1/2-1/2

[Event "Corus-B"]
[Site "Wijk aan Zee"]
[Date "2005.01.18"]
[Round "4"]
[White "Carlsen, Magnus"]
[Black "Karjakin, Sergey"]
[Result "1/2-1/2"]
[WhiteElo "2553"]
[BlackElo "2599"]
[PlyCount "79"]
[EventDate "2005.01.15"]
[EventType "tourn"]
[EventRounds "13"]
[EventCountry "NED"]
[EventCategory "13"]
[WhiteTeam "Germany"]
[BlackTeam "Germany"]
[WhiteTeamCountry "GER"]
[BlackTeamCountry "GER"]

1. c4 c5 2. Nf3 Nc6 3. Nc3 e5 4. d3 g6 5. a3 a5 6. e3 f5 7. d4 e4 8. d5 Nb8 9.
Nd2 d6 10. g4 Nf6 11. gxf5 gxf5 12. Bh3 Bg7 13. Rg1 O-O 14. b3 Kh8 15. Bb2 Nbd7
16. Na4 Ne8 17. Bxg7+ Nxg7 18. Qc2 Ne5 19. Qc3 Qf6 20. f4 exf3 21. O-O-O f4 22.
Bxc8 Raxc8 23. e4 Rce8 24. Rdf1 Ng6 25. Rxf3 Qxc3+ 26. Nxc3 Rf6 27. Rh3 Ne5 28.
Nf3 Kg8 29. Kc2 b6 30. Nxe5 dxe5 31. Kd3 Rg6 32. Ne2 Re7 33. Rxg6 hxg6 34. Rh6
Kf7 35. Ng1 Ne8 36. Nf3 Kg7 37. Rh4 Nd6 38. Rg4 Kf6 39. Rg1 Ra7 40. a4 1/2-1/2

[Event "Drammen Smartfish Masters"]
[Site "Drammen"]
[Date "2005.01.05"]
[Round "9"]
[White "Carlsen, Magnus"]
[Black "Khalifman, Alexander"]
[Result "1/2-1/2"]
[WhiteElo "2581"]
[BlackElo "2669"]
[PlyCount "54"]
[EventDate "2004.12.27"]
[EventType "tourn"]
[EventRounds "9"]
[EventCountry "NOR"]
[EventCategory "14"]
[WhiteTeam "Germany"]
[BlackTeam "Germany"]
[WhiteTeamCountry "GER"]
[BlackTeamCountry "GER"]

1. e4 c5 2. Nf3 Nc6 3. Bb5 g6 4. O-O Bg7 5. Re1 Nf6 6. Nc3 O-O 7. e5 Ne8 8.
Bxc6 dxc6 9. d3 Nc7 10. Ne4 b6 11. h3 Ne6 12. Be3 Nd4 13. Nxd4 cxd4 14. Bf4 c5
15. Qf3 Be6 16. Qg3 Qd5 17. Qh4 f6 18. exf6 exf6 19. Bh6 Bf5 20. Bxg7 Kxg7 21.
b3 Rae8 22. Ng3 Bd7 23. Qf4 Bc6 24. f3 Re5 25. Rxe5 Qxe5 26. Qxe5 fxe5 27. Re1
Kf6 1/2-1/2

[Event "Drammen Smartfish Masters"]
[Site "Drammen"]
[Date "2005.01.04"]
[Round "8"]
[White "Macieja, Bartlomiej"]
[Black "Carlsen, Magnus"]
[Result "1-0"]
[WhiteElo "2613"]
[BlackElo "2581"]
[PlyCount "139"]
[EventDate "2004.12.27"]
[EventType "tourn"]
[EventRounds "9"]
[EventCountry "NOR"]
[EventCategory "14"]
[WhiteTeam "Germany"]
[BlackTeam "Germany"]
[WhiteTeamCountry "GER"]
[BlackTeamCountry "GER"]

1. e4 c5 2. Nc3 Nc6 3. Nf3 g6 4. d4 cxd4 5. Nxd4 Bg7 6. Be3 Nf6 7. Bc4 O-O 8.
Bb3 e6 9. f4 d6 10. Qf3 Nxd4 11. Bxd4 Bd7 12. O-O-O Bc6 13. Be5 dxe5 14. Rxd8
Raxd8 15. fxe5 Nd7 16. Qe3 a6 17. Nd5 Rfe8 18. Nf6+ Nxf6 19. exf6 Bxf6 20. c3
Rd7 21. h4 Kg7 22. g4 h6 23. Rh2 g5 24. e5 Be7 25. h5 Red8 26. Rh3 Bb5 27. Bc2
Bc6 28. Qe2 Rd5 29. Bb3 Rc5 30. Re3 Rd7 31. Bc2 Bd8 32. Rd3 Rcd5 33. Rxd5 Rxd5
34. Bb3 Rd7 35. Bc2 Rd5 36. Bb3 Rd7 37. Bc2 Bb6 38. Be4 Bd5 39. Bxd5 Rxd5 40.
Qf3 Bd8 41. c4 Rd7 42. Kc2 a5 43. Kb3 Be7 44. Qe3 Bf8 45. Ka4 Bb4 46. a3 Bd2
47. Qb6 Be1 48. b3 Bc3 49. Qe3 Bd2 50. Qc5 Be1 51. Qe3 Bd2 52. Qf2 Bc3 53. Qf6+
Kh7 54. Qf3 Bd2 55. Qd1 Kg7 56. Kb5 Rd3 57. b4 axb4 58. axb4 Rd7 59. Qf3 Bf4
60. Qe4 Bd2 61. Qe2 Bc3 62. Qe3 Bd4 63. Qe1 Bb2 64. Kb6 Bd4+ 65. c5 Bb2 66. Ka7
Rd3 67. Kxb7 Bc3 68. Qb1 Rd5 69. c6 Bxe5 70. b5 1-0